Normal view
MARC view
- Consumer Focus Wales
Entry Corporate Name
001 - CONTROL NUMBER
- control field: 6017
003 - CONTROL NUMBER IDENTIFIER
- control field: OSt
005 - DATE AND TIME OF LATEST TRANSACTION
- control field: 20190806150248.0
008 - FIXED-LENGTH DATA ELEMENTS
- fixed length control field: 120220n| acannaabn |n ana d
040 ## - CATALOGING SOURCE
- Original cataloging agency: OSt
- Transcribing agency: OSt
110 2# - HEADING--CORPORATE NAME
- Corporate name or jurisdiction name as entry element: Consumer Focus Wales
670 ## - SOURCE DATA FOUND
- Source citation: A response to the Department of Energy & Climate Change consultation on the Green Deal and Energy Company Obligation, 2012